Entry Personal Name
Number of records used in: 1
001 - CONTROL NUMBER
003 - CONTROL NUMBER IDENTIFIER
005 - DATE AND TIME OF LATEST TRANSACTION
- control field:
20250530153232.0
008 - FIXED-LENGTH DATA ELEMENTS
- fixed length control field:
901213n| azannaab |n aaa c
010 ## - LIBRARY OF CONGRESS CONTROL NUMBER
- LC control number:
no 90026848
040 ## - CATALOGING SOURCE
- Original cataloging agency:
InU
- Transcribing agency:
InU
- Description conventions:
rda
- Modifying agency:
DLC
046 ## - SPECIAL CODED DATES
100 1# - HEADING--PERSONAL NAME
- Personal name:
Jaggia, Sanjiv,
- Dates associated with a name:
1960-
670 ## - SOURCE DATA FOUND
- Source citation:
His Specification diagnostics in the presence of multiple misspecifications for parametric duration models, 1990:
- Information found:
t.p. (Sanjiv Jaggia) leaf 187 (b. 1-13-60)
670 ## - SOURCE DATA FOUND
- Source citation:
Business statistics, 2015:
- Information found:
eCIP t.p. (Sanjiv Jaggia) data view screen (Offalea College of Business)
670 ## - SOURCE DATA FOUND
- Source citation:
Business statistics, 2017:
- Information found:
eCIP t.p. (Sanjiv Jaggia) data view screen (California Polytechnic State University)